Sổ tay địa danh nước ngoài

Giới thiệu khái quát 2000 địa danh nước ngoài: tên quốc gia, thành phố, đại dương, biển, vịnh, đảo, quần đảo, núi, cao nguyên, đồng bằng... Đối tượng sử dụng chủ yếu là thầy trò trường phổ thông, dạy và học địa lý

Gorde:
Xehetasun bibliografikoak
Egile nagusia: Nguyễn Dược (Tác giả)
Formatua: Liburua
Hizkuntza:Vietnamese
Argitaratua: H. Giáo dục 1998
Edizioa:Tái bản lần 3 có sửa chữa
Gaiak:
Etiketak: Etiketa erantsi
Etiketarik gabe, Izan zaitez lehena erregistro honi etiketa jartzen!
Thư viện lưu trữ: Mạng thư viện Đại học Đà Nẵng
LEADER 01416nam a2200373 4500
001 000008822
003 5015
005 20111021141050.0
008 111021s1998 viesd
020 |c 10400đ 
041 0 |a vie 
082 |a 910.3  |b NG-D 
100 0 |a Nguyễn Dược  |e Tác giả 
245 0 |a Sổ tay địa danh nước ngoài  |c Nguyễn Dược 
250 |a Tái bản lần 3 có sửa chữa 
260 |a H.  |b Giáo dục  |c 1998 
300 |a 271 tr.  |c 20 cm 
520 |a Giới thiệu khái quát 2000 địa danh nước ngoài: tên quốc gia, thành phố, đại dương, biển, vịnh, đảo, quần đảo, núi, cao nguyên, đồng bằng... Đối tượng sử dụng chủ yếu là thầy trò trường phổ thông, dạy và học địa lý 
653 |a sổ tay 
653 |a Thế giới 
653 |a Địa danh 
653 |a Địa lý 
700 |a Nguyễn Dược  |e Tác giả 
910 |a duyên 
OWN |a LSP 
AVA |a UDN50  |b LSP  |d 910.3 NG-D  |e available  |t Error 5001 Not defined in file expand_doc_bib_avail.  |f 5  |g 1  |h N  |i 0  |k 1 
999 |a From the UDN01 
AVA |a UDN50  |b LSP  |d 910.3 NG-D  |e available  |t Error 5001 Not defined in file expand_doc_bib_avail.  |f 5  |g 1  |h N  |i 0  |k 1 
TYP |a Monograph 
TYP |a Printed language 
980 |a Mạng thư viện Đại học Đà Nẵng